000 00257nam a2200109Ia 4500
005 20251222114408.0
008 251222s1900||||xx |||||||||||||| ||spa||
082 _aDVD0060/B81/2002/Ej.2
245 0 _aPinocho
264 _bMelampo Cinematografica
942 _cDVD
999 _c1925
_d1925